00606nam a22001817a 450000500170000001000150001702000260003203500140005803700090007208200140008110000160009524500650011125000060017626000480018227001330023030000210036350000400038420241001123326.0 aENG-141855 a9789390869664c450.00 aEN-125387 bDBAD a370.1521 aGupta, Ajay aCorporate Demons:bCreating Catalyst Leaders/cBy Ajay Gupta a1 bVishwakarma Publicationsc2022aMaharashtra a34A/1, Suyog Center, 7th floor, Gultekedi Marketyard Road, Giridhar Bhavan Chowk, e411037bPuneminfo@vpindia.co.ink9168682200 a292p.c22cm (pb) aA Book on Organisational Psychology